[Event "GER-chT U12"]
[White "Khalesi, Mohammad"]
[Black "Klumpe, Jan Karl"]
[Site "Verden an der Aller"]
[Round "3.4"]
[Result "1-0"]
[Date "2006.12.28"]
[WhiteElo "1018"]
[BlackElo "1137"]
[PlyCount "75"]
[EventDate "2006.12.27"]
[EventType "team-swiss"]
[EventRounds "7"]
[EventCountry "GER"]
[SourceTitle "EXT 2008"]
[Source "ChessBase"]
[SourceDate "2007.11.25"]
[SourceVersion "1"]
[SourceVersionDate "2007.11.25"]
[SourceQuality "1"]
[WhiteTeam "Paderborn 2000 U12"]
[BlackTeam "Ettlingen U12"]
[WhiteTeamCountry "GER"]
[BlackTeamCountry "GER"]

1. c4 e5 2. e4 Nf6 3. Nc3 c6 4. d4 exd4 5. Qxd4 Bb4 6. Nge2 d5 7. Bg5 Be6 8. Nf4 c5 9. Qd3 d4 10. a3 Ba5 11. e5 h6 12. Nxe6 fxe6 13. Qg6+ Kd7 14. Qxg7+ Kc8 15. Bxf6 Rg8 16. Bxd8 Rxg7 17. Bxa5 b6 18. Bb4 cxb4 19. axb4 dxc3 20. bxc3 Nc6 21. f4 Kb7 22. g3 Rc8 23. c5 bxc5 24. Ba6+ Kb8 25. Bxc8 Kxc8 26. Rc1 Rc7 27. b5 Na5 28. h4 Nc4 29. g4 Rh7 30. Kf2 Na3 31. c4 Kd7 32. g5 hxg5 33. hxg5 Rxh1 34. Rxh1 Nxc4 35. Rh7+ Ke8 36. Rxa7 Kf8 37. Kg3 Ke8 38. Kh4 1-0